| 000 | 01164cam a2200133 4500500 | ||
|---|---|---|---|
| 005 | 20260405085511.0 | ||
| 041 | _afre | ||
| 042 | _adc | ||
| 100 | 1 | 0 |
_aGodineau, Dominique _eauthor |
| 245 | 0 | 0 | _aS'abréger les jours : Le suicide en France au XVIIIe siècle |
| 260 |
_bArmand Colin,
_c2012. |
||
| 520 | _aS’homicider soi-même, se noyer le cœur, s’abréger les jours…, autant de mots pour dire le suicide en cette fin du XVIIIe siècle. Se supprimer est alors encore un crime et les morts peuvent même être jugés et punis. Mais dans cette société des Lumières qui prône le bonheur, élites et simples citoyens s’interrogent sur ce « dernier désespoir » qui jette à bas des hommes et des femmes de tout âge et de toute condition. Rapports de police, lettres de suicidés ou chroniques redonnent vie à ces morts qui nous parlent d’honneur, de misère, d’amour ou de politique. Et s’offre ici le tableau émouvant de la sensibilité et de la sociabilité des Français, de la fin de l’Ancien Régime à l’Empire. | ||
| 856 | 4 | 1 | _uhttps://shs.cairn.info/sabreger-les-jours--9782200249694?lang=fr&redirect-ssocas=7080 |
| 999 |
_c2198071 _d2198071 |
||